000 00274nam a2200097Ia 4500
001 642463
005 20250826153527.0
008 250824s9999 xx 000 0 und d
245 0 _aÇOCUKLUĞUM MAKSIM GORKI ANTİK YENİ
_cMAKSIM GORKI
260 _bANTİK DÜNYA KLASİKLERİ
999 _c642463
_d642463